| 000 | 00756cab a2200241 4500 | ||
|---|---|---|---|
| 001 | WB3207-12 | ||
| 008 | 090401t1996 xxu||||| |||| 00| 0 eng d | ||
| 035 | _a(Sirsi) u27850 | ||
| 041 | _aeng | ||
| 245 | _aLas Vegas contemplates gamble in London | ||
| 260 | _c1996 | ||
| 350 | _a0 | ||
| 490 |
_aGuardian _v13 February 1996, 20(1) |
||
| 520 | _aLooks at the possibilities of US investment in UK casinos, taking into consideration possible changes in legislation. | ||
| 650 | _aCASINOS | ||
| 650 | _aDEREGULATION | ||
| 650 | _aGAMING PROPERTIES | ||
| 650 | _aLEISURE INDUSTRY | ||
| 650 | _aLONDON CLUBS INTERNATIONAL | ||
| 690 | _aPROPERTY-COMMERCIAL PROPERTY-COMMERCIAL PROPERTY FINANCE AND INVESTMENT | ||
| 942 | _n0 | ||
| 948 | _c04/03/1997 | ||
| 999 |
_c18770 _d18770 |
||